Dekarbonizácia digitalizáciou diplomová práca

Gespeichert in:
Bibliographische Detailangaben
1. Verfasser: Tkadlec, Andrej
Körperschaft: Fakulta hospodárskej informatiky EU. Katedra aplikovanej informatiky
Weitere Verfasser: Bandurič, Igor, 1980-
Format: Buch
Sprache:Slowakisch
Veröffentlicht: Bratislava 2022
Tags: Tag hinzufügen
Keine Tags, Fügen Sie das erste Tag hinzu!

MARC

LEADER 00000nbm a2200000 4500
001 0285966
005 20221214135714.0
041 0 |a slo 
044 |a SK 
245 1 0 |a Dekarbonizácia digitalizáciou  |b diplomová práca  |c Andrej Tkadlec ; školiteľ: Igor Bandurič 
264 1 |a Bratislava  |c 2022 
300 |a 78 s. 
100 1 |a Tkadlec, Andrej 
700 1 |a Bandurič, Igor, 1980- 
710 2 |a Fakulta hospodárskej informatiky EU. Katedra aplikovanej informatiky